Ropa - strategická komodita súčasných dejín
Vznik a využitie ropy. Kritériá, podľa ktorých sa člení ropa. Cenový vývoj ropy. Produkcia ropy vo svete. Najväčšie ropné a plynárenské spoločnosti. Produkcia ropy v USA.
Guardado en:
| Autor principal: | |
|---|---|
| Formato: | Capítulo de libro |
| Lenguaje: | eslovaco |
| Materias: | |
| Etiquetas: |
Sin Etiquetas, Sea el primero en etiquetar este registro!
|
MARC
| LEADER | 00000naa$a2200000$$$4500 | ||
|---|---|---|---|
| 001 | 0097324 | ||
| 005 | 20240502072058.0 | ||
| 041 | 0 | |a slo | |
| 044 | |a SK | ||
| 245 | 1 | 0 | |a Ropa - strategická komodita súčasných dejín |c Miloš Bikár |
| 520 | |a Vznik a využitie ropy. Kritériá, podľa ktorých sa člení ropa. Cenový vývoj ropy. Produkcia ropy vo svete. Najväčšie ropné a plynárenské spoločnosti. Produkcia ropy v USA. | ||
| 610 | 2 | 0 | |a komodity |
| 610 | 2 | 0 | |a ropa |
| 610 | 2 | 0 | |a vývoj cenový |
| 610 | 2 | 0 | |a obchod svetový |
| 610 | 2 | 0 | |a USA |
| 100 | 1 | |a Bikár, Miloš, 1973- | |